000 00296nam a2200121Ia 4500
008 231129s9999||||xx |||||||||||||| ||spa||
040 _bspa
082 _a984.03 M843u
100 _aMoreno Gabriel Rene
245 0 _aUltimos dias coloniales en el Alto Peru
264 _aW.M.
942 _2ddc
_cBKS
999 _c25769
_d25769